000 00640cam a22002053a 4500
001 38765
003 PGUSA
005 20140828083844.0
008 120204s2012||||xxu|||||s|||||000 | eng d
040 _aPGUSA
_beng
042 _adc
100 1 _aTrikoupis, Spyridon,
_d1788-1873
245 1 0 _aΙστορία της Ελληνικής Επαναστάσεως, Τόμος Γ
_h[electronic resource] /
_cSpyridon Trikoupis
260 _bProject Gutenberg,
_c2012
506 _aPublic domain in the USA.
516 _aElectronic text
830 0 _aProject Gutenberg
_v38765
856 4 0 _uhttp://www.gutenberg.org/ebooks/38765
942 _cEB
999 _c268019
_d268019